Sándor Beke pripravuje v Thálii monodrámu o legendárnej Mari Jászaiovej

Bibliographic Details
Main Author: Hriadelová, Miloslava (Author)
Corporate Author: Divadlo Thália (Košice, Slovensko) (Author)
Format: Article
Language:Slovak
PhysicalDescription:1 foto
ISSN:1335-4566
Subjects:

MARC

LEADER 00000nab a2200000 a 4500
001 vtls000932040
003 SK-MaSNL
005 20260303212247.0
008 040720e20040302xo 0 slo
035 |a KE40917 
040 |a KEVKJB  |b slo  |c KEVKJB  |e AACR2 
041 0 |a slo 
044 |a xo  |c SK 
080 |a 792(437.671)(=945.11)  |2 1981 
100 1 |a Hriadelová, Miloslava  |4 aut  |9 348764 
245 1 0 |a Sándor Beke pripravuje v Thálii monodrámu o legendárnej Mari Jászaiovej 
300 |b 1 foto 
590 |a Jászai, Mari 1850-1926  |b maďarská herečka 
600 1 7 |a Jászai, Mari,  |d 1850-1926   |2 KEVKJB  |9 23277 
610 2 7 |a Divadlo Thália (Košice, Slovensko)  |2 KEVKJB  |9 31809 
650 0 7 |a Ovenčená - A megkoszorúzott (inscenácia)  |2 KEVKJB  |9 1244834 
650 0 7 |a monodrámy  |2 KEVKJB  |9 30029 
650 0 7 |a premiéry  |2 KEVKJB  |9 878015 
651 7 |a Košice (Slovensko)  |2 KEVKJB  |9 18694 
651 7 |a KE,  |2 KEVKJB  |9 877256 
655 7 |a periodikum  |2 snkbucl  |9 29553 
710 2 |a Divadlo Thália (Košice, Slovensko)  |4 aut  |9 31809 
773 0 8 |t Košický denník Korzár  |g Roč. 7, č.51, 2.3.2004, s. 4  |x 1335-4566 
852 |a ZVYKNI  |b KIS3GCP 
999 |c 2206464  |d 2208394